[Event "Barcelona La Lira op 39th"]
[Site "Barcelona"]
[Date "2023.01.20"]
[Round "1"]
[White "Usobiaga Ferrer, Enrique"]
[Black "Bieg Pagel, Clemens"]
[Result "0-1"]
[WhiteElo "1381"]
[BlackElo "1762"]
[PlyCount "66"]
[EventDate "2023.01.20"]
[EventType "swiss"]
[EventRounds "8"]
[EventCountry "ESP"]
[SourceTitle "CBM 213 Extra"]
[Source "ChessBase"]
[SourceDate "2023.05.31"]
[SourceVersion "1"]
[SourceVersionDate "2023.05.31"]
[SourceQuality "1"]

1. e4 e5 2. Nf3 Nc6 3. Bc4 Nf6 4. d3 h6 5. 0-0 d6 6. h3 g5 7. g4 Ne7 8. Be3 Ng6 9. Nh2 Bg7 10. Nc3 c6 11. d4 0-0 12. dxe5 dxe5 13. f3 Qc7 14. Qe2 Nf4 15. Bxf4 exf4 16. e5 Nd5 17. Nxd5 cxd5 18. Bxd5 Qc5+ 19. Kg2 Qxd5 20. c3 Qxe5 21. Qd2 Be6 22. Rfe1 Rfd8 23. Qc2 Qc7 24. Nf1 Bc4 25. Red1 Re8 26. Re1 Bxf1+ 27. Kxf1 Qc6 28. Kg2 Bd4 29. Qf5 Be3 30. Rad1 Rad8 31. Qa5 Rxd1 32. Rxd1 Bb6 33. Qf5 Re2+ 0-1

[Event "Barcelona Amateurs"]
[Site "Barcelona"]
[Date "2019.10.30"]
[Round "6.4"]
[White "Jose Iraeta, Alexandre"]
[Black "Usobiaga Ferrer, Enrique"]
[Result "1-0"]
[WhiteElo "1959"]
[BlackElo "1320"]
[PlyCount "101"]
[EventDate "2019.09.25"]
[EventType "swiss"]
[EventRounds "9"]
[EventCountry "ESP"]
[SourceTitle "EXT 2024"]
[Source "ChessBase"]
[SourceDate "2023.10.10"]
[SourceVersion "1"]
[SourceVersionDate "2023.10.10"]
[SourceQuality "1"]

1. d4 d5 2. Nf3 Nf6 3. c4 e6 4. g3 c5 5. cxd5 exd5 6. Bg2 Nc6 7. 0-0 Be7 8. Nc3 0-0 9. Bg5 Be6 10. Bxf6 Bxf6 11. dxc5 Bxc3 12. bxc3 Qa5 13. Nd4 Qxc5 14. Nxe6 fxe6 15. Qb3 b6 16. e4 Na5 17. Qb4 Rad8 18. Rad1 dxe4 19. Qxc5 bxc5 20. Bxe4 Nc4 21. Rfe1 Nd2 22. Bg2 Rd6 23. Re5 Rf5 24. Rxf5 exf5 25. c4 Ne4 26. Rb1 Ra6 27. Bxe4 fxe4 28. Rb5 Rxa2 29. Rxc5 a5 30. Re5 a4 31. Rxe4 a3 32. Re3 Ra1+ 33. Kg2 a2 34. Ra3 Kf8 35. Ra7 Ke8 36. f4 Kd8 37. g4 Ke8 38. c5 Rc1 39. Rxa2 Rxc5 40. Ra7 Kf8 41. Kg3 h6 42. f5 h5 43. h3 Kg8 44. Kh4 hxg4 45. hxg4 Rc1 46. Kh5 Rh1+ 47. Kg5 Rh6 48. Kf4 Kh7 49. g5 Rc6 50. f6 Kg8 51. Rxg7+ 1-0

[Event "Barcelona Sant Marti op-B 21st"]
[Site "Barcelona"]
[Date "2019.07.20"]
[Round "8"]
[White "Rovira Puig, Ricardo"]
[Black "Usobiaga Ferrer, Enrique"]
[Result "1-0"]
[WhiteElo "1114"]
[BlackElo "1336"]
[PlyCount "85"]
[EventDate "2019.07.13"]
[EventType "swiss"]
[EventRounds "9"]
[EventCountry "ESP"]
[SourceTitle "EXT 2020"]
[Source "ChessBase"]
[SourceDate "2019.10.17"]
[SourceVersion "1"]
[SourceVersionDate "2019.10.17"]
[SourceQuality "1"]

1. e4 e5 2. d4 exd4 3. c3 dxc3 4. Bc4 d6 5. Qb3 Qe7 6. Nxc3 Nc6 7. Bd3 Nf6 8. Nf3 b6 9. Bg5 Be6 10. Qc2 h6 11. Bh4 Qd8 12. 0-0 Be7 13. Ne2 0-0 14. h3 Nb4 15. Qd2 Nxd3 16. Qxd3 Nd7 17. Bxe7 Qxe7 18. Qc3 c5 19. Nf4 Nf6 20. Rfe1 Qb7 21. Nd2 d5 22. e5 d4 23. Qg3 Nh7 24. Ne4 Qe7 25. Nh5 Ng5 26. Nef6+ Kh8 27. f4 gxf6 28. fxg5 fxg5 29. Rf1 Qc7 30. Rf6 Kh7 31. Qd3+ Kg8 32. Rxh6 f5 33. Rxe6 Qf7 34. Rh6 Qe7 35. Re1 Rf7 36. e6 Rh7 37. Rg6+ Kh8 38. Qg3 Rxh5 39. Qe5+ Kh7 40. Qxf5 Kh8 41. Qe5+ Kh7 42. Qe4 Rg8 43. Rxg5+ 1-0

[Event "Barcelona CC-ch Amateurs B"]
[Site "Barcelona"]
[Date "2019.06.17"]
[Round "5"]
[White "Usobiaga Ferrer, Enrique"]
[Black "Vidal Sanchez, Francesc"]
[Result "0-1"]
[WhiteElo "1321"]
[BlackElo "1533"]
[PlyCount "36"]
[EventDate "2019.06.11"]
[EventType "tourn"]
[EventRounds "9"]
[EventCountry "CAT"]
[SourceTitle "EXT 2020"]
[Source "ChessBase"]
[SourceDate "2019.10.17"]
[SourceVersion "1"]
[SourceVersionDate "2019.10.17"]
[SourceQuality "1"]

1. e4 c5 2. Nf3 d6 3. d4 cxd4 4. Nxd4 Nf6 5. Nc3 a6 6. Be2 e5 7. Nf3 Be7 8. 0-0 b5 9. a3 Bb7 10. Bd3 Nbd7 11. Be3 0-0 12. Nd2 Qc7 13. f4 Rac8 14. fxe5 Nxe5 15. Be2 Rfd8 16. Bg5 Ned7 17. Bf3 Qc5+ 18. Kh1 Qxg5 0-1